| Tag |
First Indicator |
Second Indicator |
Subfields |
| LEADER |
00000cam a2200000 a 4500 |
| 001 |
in00002153721 |
| 006 |
m e d # |
| 007 |
cr mn mmmmabba |
| 008 |
820203s1800 ncu s 000 0 eng d |
| 005 |
20260331162329.9 |
| 035 |
|
|
|z w034113
|
| 035 |
|
|
|a MAAR8202042502B
|
| 035 |
|
|
|9 mwa91-31173
|
| 035 |
|
|
|a 338074
|
| 035 |
|
|
|a aas03034113
|
| 040 |
|
|
|a MWA
|c MWA
|e bdrb
|d UtOrBLW
|
| 100 |
1 |
|
|a Haywood, John,
|d 1762-1826.
|
| 245 |
1 |
4 |
|a The duty and office of justices of peace, and of sheriffs, coroners, constables, &c. according to the laws of the state of North Carolina :
|b To which is added an appendix, containing the act directing the mode of recovering debts of twenty pounds and under; the Declaration of Rights and Constitution of this state; the Constitution of the United States, with the amendments thereto; and an abstract from the act of Congress laying duties on stamped vellum, parchment and paper. : Together with a collection of the most useful precedents. /
|c By John Haywood, Esquire. Late one of the judges of the Superior Courts of Law and Equity.
|
| 264 |
|
3 |
|a Halifax [N.C.] :
|b Printed by Abraham Hodge,
|c M.DCCC. [1800]
|
| 300 |
|
|
|a viii, 400 pages ;
|c 21 cm. (octavo)
|
| 336 |
|
|
|a text
|b txt
|2 rdacontent
|
| 337 |
|
|
|a computer
|b c
|2 rdamedia
|
| 338 |
|
|
|a online resource
|b cr
|2 rdacarrier
|
| 510 |
4 |
|
|a Evans
|c 37601
|
| 510 |
4 |
|
|a McMurtrie, D.C. North Carolina,
|c 278
|
| 530 |
|
|
|a Microform version available in the Readex Early American Imprints series.
|
| 533 |
|
|
|a Electronic text and image data.
|b [Chester, Vt. :
|c Readex, a division of Newsbank, Inc.,
|d 2002-2004.
|e Includes files in TIFF, GIF and PDF formats with inclusion of keyword searchable text.
|f (Early American imprints. First series ; no. 37601).
|
| 500 |
|
|
|a Electronic resource.
|
| 650 |
|
0 |
|a Justices of the peace
|z North Carolina.
|
| 650 |
|
0 |
|a Justices of the peace
|v Handbooks, manuals, etc.
|
| 650 |
|
0 |
|a Sheriffs
|z North Carolina.
|
| 650 |
|
0 |
|a Coroners
|z North Carolina.
|
| 650 |
|
0 |
|a Constables
|z North Carolina.
|
| 710 |
1 |
|
|a United States.
|t Constitution.
|
| 710 |
1 |
2 |
|a North Carolina.
|t Constitution (1776)
|
| 710 |
1 |
2 |
|a North Carolina.
|t Declaration of Rights.
|
| 752 |
|
|
|a United States
|b North Carolina
|d Halifax.
|
| 830 |
|
0 |
|a Early American imprints.
|n Series I,
|p Evans (1639-1800) ;
|v no. 37601.
|
| 856 |
4 |
1 |
|u http://proxy.library.tamu.edu/login?url=https://opac.newsbank.com/select/evans/37601
|y Evans Digital Edition
|t 0
|
| 999 |
|
|
|a MARS
|
| 999 |
f |
f |
|s 73c37ac7-8dc1-301a-93aa-d54ceb332bd2
|i e2854ee4-f5e1-35f3-a7fa-63594d119494
|t 0
|
| 952 |
f |
f |
|a Texas A&M University
|b College Station
|c Electronic Resources
|s www_evans
|d Available Online
|t 0
|h No information provided
|
| 998 |
f |
f |
|t 0
|l Available Online
|